LA SEÑORITA DE LA SEIGLIERE /

INDICE

Gardado en:
Detalles Bibliográficos
Autor Principal: Sandeau, Jules (autor)
Formato: Libro
Series:AUSTRAL ; 1465
Temas:
Etiquetas: Engadir etiqueta
Sen Etiquetas, Sexa o primeiro en etiquetar este rexistro!

MARC

LEADER 00000nam^a2200000^a^4500
001 000239512
005 20250521000000.0
009 20260310105058.693
035 |a 062259 
037 |a Acervo Xavier Clavigero 
082 |a 808. 8  |b SAN 
100 |a Sandeau, Jules  |e (autor) 
245 1 3 |a LA SEÑORITA DE LA SEIGLIERE /  |c JULES SANDEAU ; TR. PEDRO VANCES 
264 |a MADRID :  |b ESPASA-CALPE,  |c 1971 
300 |a 159 p. 
336 |a texto  |b txt  |2 rdacontenido 
337 |a sin mediación  |b n  |2 rdamedio 
338 |a volumen  |b nc  |2 rdasoporte 
440 |a AUSTRAL ;  |v 1465 
520 |a INDICE 
649 |a XX 
650 |a LITERATURA -  |x COLECCIONES 
650 |a NOVELA FRANCESA -  |x SIGLO XIX 
650 |a LITERATURA FRANCESA -  |x SIGLO XIX 
910 |a Fondo General 
920 |a Impresos - Libros 
930 |a Colección General 
940 |a Literatura 
905 |a 101 
901 |a 062259  |b IT1  |c LIT  |i 062259  |u 20250521 
902 |a https://opac.biblio.iteso.mx/vufind/Record/000239512